000 00456nab a2200145Ia 4500
003 ES-SlBCS
005 20210601135703.0
008 140529s1996 xxu||||| |||| 00| 0 spa d
041 _aspa
100 1 _aGoedt, Michel de
_938970
245 0 0 _aLa interpretación de un místico: Juan de la Cruz
_c Michel de Goedt
600 1 _aJuan de la Cruz, San-Peregrino Espiritual
_9235384
773 0 _tConcilium
_gnº. 266, 1996, págs. 741-747
_wRev134
942 _cAR
999 _c632297
_d632297